| 000 | 00000nam##2200000za#4500 |
| 001 | 9.671002 |
| 003 | CaOODSP |
| 005 | 20210615125857 |
| 007 | ta |
| 008 | 150407|2009||||xxc||||| f|0| 0 fre|d |
| 020 | |a978-0-662-06562-3 |
| 040 | |aCaOODSP|bfre |
| 041 | |aeng |
| 041 | |afre |
| 043 | |an-cn--- |
| 086 | 1 |aH128-1/09-576 |
| 110 | 1 |aCanada. |bSanté Canada.|bDirection générale de la santé environnementale et de la sécurité des consommateurs. |
| 245 | 10|aAttention! Des meubles et télévisions peuvent basculer et tomber sur des enfants |
| 260 | |aOttawa - Ontario : |bSanté Canada. |cc2009. |
| 300 | |a1 feuille pliée (texte français, [3]p.) : |bill. ; |c22 cm. |
| 563 | |aDépliant |
| 590 | |a09-12|b2009-03-20 |
| 691 | 07|aSécurité de l'enfant|2gcpds |
| 776 | 0#|tAttention! Des meubles et télévisions peuvent basculer et tomber sur des enfants |w(CaOODSP)9.643643 |
| 776 | 0#|tDanger! Furniture and televisions can tip over onto children |w(CaOODSP)9.699667 |
| 791 | |tDanger! Furniture and televisions can tip over onto children |eeng|w(CaOODSP)9.671001 |